La bibliothèque du palais de Ninive / (Record no. 159386)

MARC details
000 -LEADER
campo de control de longitud fija 00819nam a2200205 i 4500
001 - NÚMERO DE CONTROL
campo de control 159386
003 - IDENTIFICADOR DE NÚMERO DE CONTROL
campo de control ES-MaACL
005 - FECHA Y HORA DE LA ÚLTIMA TRANSACCIÓN
campo de control 20230906211557.0
008 - DATOS DE LONGITUD FIJA--INFORMACIÓN GENERAL
campo de control de longitud fija 991220s1880 fr |||| | fre d
040 ## - FUENTE DE CATALOGACIÓN
Centro catalogador/agencia de origen CCPB | B
Lengua de catalogación spa
Centro/agencia transcriptor CCPB | B
100 1# - ENTRADA PRINCIPAL--NOMBRE DE PERSONA
Nombre de persona Ménant, Joachim (
Fechas asociadas al nombre 1820-1899)
9 (RLIN) 129820
245 13 - MENCIÓN DEL TÍTULO
Título La bibliothèque du palais de Ninive /
Mención de responsabilidad, etc. par Joachim Menant.
260 ## - PUBLICACIÓN, DISTRIBUCIÓN, ETC.
Lugar de publicación, distribución, etc. Paris :
Nombre del editor, distribuidor, etc. Ernest Leroux,
Fecha de publicación, distribución, etc. 1880 (
Fabricante Imprimerie de E. Cagniard)
300 ## - DESCRIPCIÓN FÍSICA
Extensión VIII, 162 p. ;
Dimensiones 17 cm.
490 1# - MENCIÓN DE SERIE
Mención de serie Dècouvertes assyriennes
610 24 - PUNTO DE ACCESO ADICIONAL DE MATERIA--NOMBRE DE ENTIDAD CORPORATIVA
Nombre de entidad corporativa o nombre de jurisdicción como elemento de entrada Biblioteca del Palacio de Nínive.
9 (RLIN) 134185
830 0# - PUNTO DE ACCESO ADICIONAL DE SERIE-TÍTULO UNIFORME
Título uniforme Dècouvertes assyriennes
9 (RLIN) 221926
852 ## - LOCALIZACIÓN
Ubicación ES-MaACL
Número de control de estantería F-894
Nota libre -- Enc. pasta española
Encuadernación -- Edic.: El lugar de imp. es Rouen -- En antep. consta la serie: (Bibliothéque Orientale Elzévirienne; 28)
Holdings
Estatus retirado Estado de pérdida Estado de daño No para préstamo Colección Biblioteca de origen Biblioteca actual Ubicación en estantería Fecha de adquisición Fuente de adquisición Total de préstamos Signatura topográfica completa Código de barras Visto por última vez Precio de reemplazo Tipo de ítem Koha
        Libros del s. XIX Biblioteca del Ateneo de Madrid Biblioteca del Ateneo de Madrid Depósito 2 17/01/2008     F-894 1166854 23/02/2023 23/02/2023 Libro impreso antiguo